| 000 | 01614nam a2200301 a 4500 | ||
|---|---|---|---|
| 001 | 000040464 | ||
| 005 | 20250621074009.0 | ||
| 008 | 130826s2013 dr r 001 0 spa d | ||
| 020 | _z9789945007145 | ||
| 040 |
_aDO-SdBNP _bspa _cBNPHU |
||
| 082 |
_a352.367 _bC352r |
||
| 100 | 1 |
_aCastillo Levison, Amanda _966763 |
|
| 245 | 1 | 0 |
_aReforma del estado dominicano : _b(1996-2012) / _cAmada Castillo Levison ; prólogo Juan Bolivar Díaz. |
| 260 |
_aSanto Domingo : _bBúho, _c2013. |
||
| 300 |
_a211 p. ; _c23 cm. |
||
| 500 | _aIncluye datos biográficos del autor en la solapa de la cubierta. | ||
| 504 | _aIncluye referencias bibliográficas y notas al pie de páginas. | ||
| 504 | _aBibliografía : p. 189-193. | ||
| 505 | 0 |
_gPrólogo / _rJuan Bolivar Díaz -- _tReflexiones en torno a la reforma y modernización del estado -- _tContexto de las reformas -- _tGestión 1996-2000 -- _tGestión 2000-2004 -- _tGestión 2004-2008 -- _tGestión 2008-2012 -- _tGestión del organismo -- _tEpílogo de las reformas -- _gReferencias bibliográficas -- _gEntrevistas -- _gAnexos. |
|
| 590 | _aInventariado, 2018/BT | ||
| 610 | 1 | 4 |
_aREPÚBLICA DOMINICANA _bCOMISIÓN PRESIDENCIAL PARA LA REFORMA Y MODERNIZACIÓN DEL ESTADO (COPRYME) _966764 |
| 610 | 1 | 0 |
_aRepública Dominicana. Consejo Nacional de Reforma del Estado _964396 |
| 650 | 4 |
_aReforma del estado _zRepública Dominicana _99500 |
|
| 651 | 4 |
_aRepública Dominicana _xAdministración Pública _9657 |
|
| 651 | 0 |
_aRepública Dominicana _xPolítica y gobierno _945 |
|
| 700 | 1 |
_aDíaz Santana, Juan Bolívar , _epról. _946240 |
|
| 910 | _aValidado. Control de calidad. EMS | ||
| 999 |
_c39954 _d39954 |
||